<?xml version="1.0" encoding="UTF-8"?>
<collection xmlns="http://www.loc.gov/MARC21/slim">
<record>
  <controlfield tag="001">98302</controlfield>
  <controlfield tag="005">20231027130638.0</controlfield>
  <datafield tag="024" ind1="7" ind2=" ">
    <subfield code="2">doi</subfield>
    <subfield code="a">10.21555/rpc.v0i1.2319</subfield>
  </datafield>
  <datafield tag="024" ind1="8" ind2=" ">
    <subfield code="2">sideral</subfield>
    <subfield code="a">118096</subfield>
  </datafield>
  <datafield tag="037" ind1=" " ind2=" ">
    <subfield code="a">ART-2020-118096</subfield>
  </datafield>
  <datafield tag="041" ind1=" " ind2=" ">
    <subfield code="a">spa</subfield>
  </datafield>
  <datafield tag="100" ind1=" " ind2=" ">
    <subfield code="a">Martínez Pestaña, María Jesús</subfield>
    <subfield code="u">Universidad de Zaragoza</subfield>
    <subfield code="0">(orcid)0000-0003-1385-6177</subfield>
  </datafield>
  <datafield tag="245" ind1=" " ind2=" ">
    <subfield code="a">Normativa, regulación y vigilancia del proceder ético en la comunicación publicitaria en España</subfield>
  </datafield>
  <datafield tag="260" ind1=" " ind2=" ">
    <subfield code="c">2020</subfield>
  </datafield>
  <datafield tag="506" ind1="0" ind2=" ">
    <subfield code="a">Access copy available to the general public</subfield>
    <subfield code="f">Unrestricted</subfield>
  </datafield>
  <datafield tag="520" ind1="3" ind2=" ">
    <subfield code="a">Se valoran en este trabajo una serie de cuestiones relativas a la actividad publicitaria. En especial, aquellas relacionadas con la ética en la fotografía o imagen publicitaria. Para ello, se revisan, en primer lugar, la noción de ética en publicidad, en segundo lugar, nos ocuparemos de la Ley de Publicidad española y el sistema de autorregulación de la actividad publicitaria. Asimismo, es importante destacar el papel que juegan el Jurado de Publicidad de Autocontrol, así como, la labor del Observatorio de la Publicidad del Instituto de la Mujer. Finalmente, se presta atención a la figura del fotógrafo profesional publicitario.
This paper addresses a series of issues related to advertising activities; in particular, those related to ethics in photography and the use of images for advertising. To do so, it firstly revises the notion of ethics in advertising and, secondly, it discusses the Spanish Advertising Law and the system of self-regulation of advertising activities. In addition, it is important to highlight the role played by both the Spanish Jury of Self-Regulation and the Advertising Observatory of the Women’s Institute. Finally, the figure of the professional advertising photographer is discussed.</subfield>
  </datafield>
  <datafield tag="540" ind1=" " ind2=" ">
    <subfield code="9">info:eu-repo/semantics/openAccess</subfield>
    <subfield code="a">by-nc-nd</subfield>
    <subfield code="u">http://creativecommons.org/licenses/by-nc-nd/3.0/es/</subfield>
  </datafield>
  <datafield tag="655" ind1=" " ind2="4">
    <subfield code="a">info:eu-repo/semantics/article</subfield>
    <subfield code="v">info:eu-repo/semantics/publishedVersion</subfield>
  </datafield>
  <datafield tag="710" ind1="2" ind2=" ">
    <subfield code="1">3011</subfield>
    <subfield code="2">040</subfield>
    <subfield code="a">Universidad de Zaragoza</subfield>
    <subfield code="b">Dpto. Ciencias Doc. Hª Ciencia</subfield>
    <subfield code="c">Área Biblioteconomía y Docum.</subfield>
  </datafield>
  <datafield tag="773" ind1=" " ind2=" ">
    <subfield code="g">2, 1 (2020), 68-80</subfield>
    <subfield code="p">Rev. panam. comun.</subfield>
    <subfield code="t">Revista Panamericana de Comunicación</subfield>
    <subfield code="x">2683-2208</subfield>
  </datafield>
  <datafield tag="856" ind1="4" ind2=" ">
    <subfield code="s">380400</subfield>
    <subfield code="u">http://zaguan.unizar.es/record/98302/files/texto_completo.pdf</subfield>
    <subfield code="y">Versión publicada</subfield>
  </datafield>
  <datafield tag="856" ind1="4" ind2=" ">
    <subfield code="s">1957578</subfield>
    <subfield code="u">http://zaguan.unizar.es/record/98302/files/texto_completo.jpg?subformat=icon</subfield>
    <subfield code="x">icon</subfield>
    <subfield code="y">Versión publicada</subfield>
  </datafield>
  <datafield tag="856" ind1="4" ind2="1">
    <subfield code="u">https://rpc.up.edu.mx/normativa-y-regulacion-de-la-etica-de-la-comunicacion-publicitaria-en-espana</subfield>
    <subfield code="z">Texto completo de la revista</subfield>
  </datafield>
  <datafield tag="909" ind1="C" ind2="O">
    <subfield code="o">oai:zaguan.unizar.es:98302</subfield>
    <subfield code="p">articulos</subfield>
    <subfield code="p">driver</subfield>
  </datafield>
  <datafield tag="951" ind1=" " ind2=" ">
    <subfield code="a">2023-10-27-12:53:29</subfield>
  </datafield>
  <datafield tag="980" ind1=" " ind2=" ">
    <subfield code="a">ARTICLE</subfield>
  </datafield>
</record>
</collection>